000 00210nam a2200097Ia 4500
008 230508s1994 xx 000 0 und d
041 _aeng
100 _aJOSHI VIVEK.
245 _aKRIDADARSHAN.
260 _c1994
999 _c709372
_d709372